Arca de Noé (Registo nº 28404)

Detalhes MARC
000 -Etiqueta do registo
Valores 00668cam a2200253 4500
010 ## - Número ISBN
ISBN 9722410830
021 ## - Número do Depósito Legal
-- PT
Número 143009/99
090 ## -
-- 28404
100 ## - Dados gerais de processamento
Dados gerais 20070918d1999 c y0pory5003 ba
101 0# - Língua de publicação
-- por
102 ## - País de publicação
-- PT
105 ## -
-- a z 001ay
106 ## -
-- r
200 1# - Titulo e menção de responsabilidade
Título próprio Arca de Noé
Primeira menção de responsabilidade Luísa Ducla Soares
Outras menções de responsabilidade il. Pedro Leitão
210 ## - Publicação
Local de publicação Lisboa
Nome do editor Livros Horizonte,
Data de publicação 1999
215 ## - Descrição física 
Paginação / Volumes 27, [1] p.
Outras indicações físicas todo il.
Dimensões 29 cm
675 ## - CDU
Notação 821.134.3-93"19"
Edição BN
Língua por
675 ## - CDU
Notação 087.5
Edição BN
Língua por
700 #1 - Autor principal (pessoa individual)
Apelido Soares,
Nome Luísa Ducla,
Datas 1939-
ID Autoridade 2431
702 #1 - Autor secundário (pessoa individual)
Apelido Leitão,
Nome Pedro,
Datas 1965-
-- 440
930 ## -
-- BECRE
990 ## - Elementos KOHA
Tipo de documento Livro
995 ## - Localização e informação dos exemplares
-- 18
Exemplares
Situação do levantamento Estado Biblioteca de origem Biblioteca de empréstimo Código de barras Cota Permissão de empréstimo Tipo de documento
  Completo Biblioteca do Centro Escolar de Viana do Alentejo Biblioteca do Centro Escolar de Viana do Alentejo 628BV 087.5 SOA Disponível Livro




Powered by Koha